A nagyvilág életből : Amerikai kép

Fejtón.

Bibliographic Details
Main Author: M. A. (Author)
Format: Article
Language:Hungarian
Subjects:
Source: 1. Felvidéki Hirlap : Közgazdasági, társadalmi és szépirodalmi hetilap 1. Roč. 1, č. 21 (02.08.1908) s. 2
LEADER 00841nab#a2200325#ar4500
001 000072895
003 SVKKK
005 20030415xxxxxxx.
008 06 c xo huno
FMT
038 |a SVKKK 
040 |a SVKKK  |b slo  |e AACR2 
041 0 |a hun 
044 |a xo  |c SK 
080 |a 894.511(437.6)-9 
100 0 |a M. A.  |4 aut 
242 1 0 |a Zo života v šírom svete 
245 1 0 |a A nagyvilág életből :  |b Amerikai kép  |c M. A. 
300 |b Pokračovanie 
500 |a mikrofilm 
520 2 |a Fejtón. 
650 0 4 |a fejtóny - literatúra mađarská - texty 
773 0 |t Felvidéki Hirlap : Közgazdasági, társadalmi és szépirodalmi hetilap  |g Roč. 1, č. 21 (02.08.1908) s. 2 
957 |a Humenné 
958 |a DG 
958 |a SK 
974 |a Ba  |d 20030415 
992 |a RBX 
BAS
998 |a RETRO